{"text_format":"3","workbook":"xlsx","n_sheets":1,"sheets":["Orçamento Sintético"],"not_rendered":{"external_links":1,"defined_names":1},"read":"whole","date_system":"1900"}

{"sheet":"Orçamento Sintético","index":0,"n_rows":17,"n_cols":10,"rows_kept":17,"merged":[[0,4,0,5],[0,6,0,7],[0,8,0,9],[1,4,1,5],[1,6,1,7],[1,8,1,9],[2,0,2,9],[12,0,12,2],[12,5,12,6],[12,7,12,9],[13,0,13,2],[13,5,13,6],[13,7,13,9],[14,0,14,2],[14,5,14,6],[14,7,14,9],[16,0,16,9]]}
[{"$nulls":3},"Obra","Bancos",null,"B.D.I.",null,"Encargos Sociais"]
[{"$nulls":3},"REFORÇO DE ESTRUTURA METÁLICA QUADRA ESCOLA IRACI  RODRIGUES - MOGEIRO - PB","SINAPI - 09/2025 - Paraíba\nSBC - 11/2025 - Paraíba\nSICRO3 - 07/2025 - Paraíba\n",null,"24,8%",null,"Desonerado: embutido nos preços unitário dos insumos de mão de obra, de acordo com as bases."]
["Orçamento Sintético"]
["Item","Código","Banco","Descrição","Und","Quant.","Valor Unit","Valor Unit com BDI","Total","Peso (%)"]
[" 1 "," CP.TELHA.REAPROVEITAMENTR ","Próprio","REMOÇÃO E RECOLOCAÇÃO DE TELHAS DE FIBROCIMENTO, METÁLICA E CERÂMICA, DE FORMA MECANIZADA, COM USO DE GUINDASTE, COM REAPROVEITAMENTO","m²",770,4.17,{"v":5.2,"d":"5.20"},{"v":4004,"d":"4,004.00"},{"v":0.03736687118900376,"d":"3.74 %"}]
[" 2 "," RR.PILAR.METALICO ","Próprio","REFORMA E REFORÇO DE PILAR METALICO PERFIL LAMINADO OU SOLDADO EM AÇO ESTRRUTURAL, COM CONEXÕES SOLDADAS, INCLUSOS MÃO DE OBRA, TRANSPORTE E IÇAMENTO UTILIZANDO GUINDASTE - FORNECIMENTO E INSTALÇÃO","KG",1680,13.77,17.18,{"v":28862.4,"d":"28,862.40"},{"v":0.2693550407106649,"d":"26.94 %"}]
[" 3 "," RR.VIGA.METALICP ","Próprio","REFORMA E REFORÇO DE VIGA METÁLICA PERFIL LAMINADO OU SOLDADO EM AÇO ESTRUTURAL, COM CONEXÕES SOLDADAS, INCLUSOS APROVEITAMENTO, MÃO DE OBRA, TRANSPORTE E IÇAMENTO UTILIZANDO GUINDASTE – FORNECIMENTO E INSTALAÇÃO.","KG",1740,13.77,17.18,{"v":29893.2,"d":"29,893.20"},{"v":0.2789748635931886,"d":"27.90 %"}]
[" 4 "," 100770 ","SINAPI","CONTRAVENTAMENTO COM CANTONEIRAS DE AÇO, ABAS IGUAIS, COM CONEXÕES SOLDADAS, INCLUSOS MÃO DE OBRA, TRANSPORTE E IÇAMENTO UTILIZANDO GUINDASTE- FORNECIMENTO E INSTALAÇÃO. AF_01/2020_PA","KG",750,20.43,25.49,{"v":19117.5,"d":"19,117.50"},{"v":0.17841187811083403,"d":"17.84 %"}]
[" 5 "," 100717 ","SINAPI","LIXAMENTO MANUAL EM SUPERFÍCIES METÁLICAS EM OBRA. AF_01/2020","m²",920,8.67,10.82,{"v":9954.4,"d":"9,954.40"},{"v":0.09289829734361116,"d":"9.29 %"}]
[" 6 "," 100719 ","SINAPI","PINTURA COM TINTA ALQUÍDICA DE FUNDO (TIPO ZARCÃO) PULVERIZADA SOBRE PERFIL METÁLICO EXECUTADO EM FÁBRICA (POR DEMÃO). AF_01/2020_PE","m²",920,10.26,{"v":12.8,"d":"12.80"},{"v":11776,"d":"11,776.00"},{"v":0.10989817060981726,"d":"10.99 %"}]
[" 7 "," 95135 ","SINAPI","LOCACAO DE ANDAIME METALICO TUBULAR TIPO TORRE","M/MES",96,{"v":29.6,"d":"29.60"},36.94,{"v":3546.24,"d":"3,546.24"},{"v":0.033094878442880296,"d":"3.31 %"}]
[]
[{"$nulls":5},"Total sem BDI",null,{"v":85884,"d":"85,884.00"}]
[{"$nulls":5},"Total do BDI",null,{"v":21269,"d":"21,269.00"}]
[{"$nulls":5},"Total Geral",null,{"v":107153,"d":"107,153.00"}]
[]
["_______________________________________________________________\nLUIS FERNANDO NUNES DA SILVA\nENGENHEIRO CIVIL "]